LEADER 01508nam a2200277 i 4500 001 000000037653 003 CaOOAMICUS 005 20160826000000.0 008 160826s1764 it u000 u ita u 013 $a7960 026 $ae.te 0.l- 7.5. T.D. (3) 1764 (R) 040 $aSeMil$bita 245 10$aPrediche per il tempo dell'Avvento, e discorsi per tutta l'ottava de' morti, con altri ragionamenti detti estemporaneamemte [sic] ... dal padre Serafino Petrobelli da Lendinara, cappuccino. 250 $aSeconda edizione corretta, e migliorata dall'autore. 260 $aIn Venezia :$bPresso Giambatista Novelli,$c1764. 300 $aiij, [1], 292 p. ;$c4º. 500 $aFregio xilogr. sul front. - Segn. : pg2 A-2M4 2N6. 650 4$aAvvento - Predicazione.$0(OLS)http://semarc/subject/7503 650 4$aPrediche, omelie, sermoni - Sec. 17.-18.$0(OLS)http://semarc/subject/1983 700 1 $aSerafino : da Lendinara.$0(OLS)http://semarc/name/17958 710 0 $aNovelli, Giambattista .$0(OLS)http://semarc/name/7936 850 $aSeMil 852 $aSeMil$W1$xVenegono$y1$m3E IV 34 FA$j3808$B3808$CSeMilBibl$Z2$F3808 $8I 961 $aOmaggio: Donazione 996 $6245$aPrediche per il tempo dell'Avvento, e discorsi per tutta l'ottava de' morti, con altri ragionamenti detti estemporaneamemte [sic] ... dal padre Serafino Petrobelli da Lendinara, cappuccino$9(OLS)http://semarc/title/52801 996 $6260$aIn Venezia :$bPresso Giambatista Novelli$9(OLS)http://semarc/publisher/39916 LEADER 00961nam a2200205 i 4500 001 000000229851 003 CaOOAMICUS 005 20260409090932.0 008 140520s1773 it u000 u fre u 013 $a208753 026 $ai-es 3.2. c.s. faVo (3) 1773 (R) 040 $aSeMil$bita 245 10$aContenant les sept dernieres Epitres de S. Paul, les sept Epitres canoniques, & l'Apocalypse. 300 $aVII, [1], 883, [1] p. 500 $aSegn.: a4 A-5S4 5T2. 773 0 $tBibbia$dA Paris : chez Antoine Boudet, imprimeur du roi, rue Saint-Jacques. Nicolas Desaint, libraire, rue du Foin ; a Avignon : chez Francois-Barthelemi Merande, imprimeur-libraire, 1767-1773.$g16$w()29921 850 $aSeMil 852 $aSeMil$W1$xVenegono$y1$m2V IV 46 FA$j180197$B180197$CSeMilBibl$Z2$F191258 $8I 996 $6245$aContenant les sept dernieres Epitres de S. Paul, les sept Epitres canoniques, & l'Apocalypse$9(OLS)http://semarc/title/328618